000 00735nam a2200229 4500
999 _c170465
_d170465
005 20191216152121.0
010 _aENG-127147
020 _a9789353434854
_c769.00
035 _aEN-110679
037 _bDBAD/PUB
082 _a625.79
100 _aRoess, Roger P.
245 _aTraffic engineering /
_cby Roger P. Roess, Elena S. Prassas [and] William R. McShane
250 _a5th ed.
260 _aNoida
_bPearson India Education
_c2020
270 _a15th Floor, Tower-b, World Trade Tower, Plot No.-1, Block -C, Sector 16
_bNoida
_e201301
300 _ax;785p .
_c23cm(pbk)
500 _aIncludes index
700 _aPrassas, Elena S.
700 _aMcShane, William R.
942 _2ddc
_cEN
_h625.79
_mROE